Normal view
MARC view
- Income tax -- Law and legislation -- United States - Taxation -- Law and legislation -- United States
Entry Topical Term
001 - CONTROL NUMBER
- control field: 628
003 - CONTROL NUMBER IDENTIFIER
- control field: JO-AjAnu
005 - DATE AND TIME OF LATEST TRANSACTION
- control field: 20230606070416.0
008 - FIXED-LENGTH DATA ELEMENTS
- fixed length control field: 230606|| aca||aabn | a|a d
040 ## - CATALOGING SOURCE
- Original cataloging agency: JO-AjAnu
- Transcribing agency: JO-AjAnu
150 ## - HEADING--TOPICAL TERM
- Topical term or geographic name entry element: Income tax -- Law and legislation -- United States - Taxation -- Law and legislation -- United States
670 ## - SOURCE DATA FOUND
- Source citation: Work cat.: (JO-AjAnu)330: SHIRLEY DENNIS - ESCOFFIER KAREN A . FORTIN , author 627, TAXATION FOR DECISION MAKERS